[Event "POL-ch PL+LU U15 Girls"]
[Site "Augustow"]
[Date "2007.10.09"]
[Round "9.2"]
[White "Leonowicz, Monika"]
[Black "Major, Katarzyna"]
[Result "0-1"]
[WhiteElo "1400"]
[BlackElo "1832"]
[PlyCount "60"]
[EventDate "2007.10.08"]
[EventType "tourn"]
[EventRounds "9"]
[EventCountry "POL"]
[SourceTitle "EXT 2023"]
[Source "ChessBase"]
[SourceDate "2022.10.05"]
[SourceVersion "1"]
[SourceVersionDate "2022.10.05"]
[SourceQuality "1"]

1. e4 Nf6 2. Nc3 d5 3. exd5 Nxd5 4. Nxd5 Qxd5 5. d4 Nc6 6. Nf3 Bg4 7. Be3 e6 8. Be2 Be7 9. h3 Bh5 10. Qd3 0-0 11. Qb3 Nb4 12. Qxd5 exd5 13. 0-0 Nxc2 14. Rac1 Nxe3 15. fxe3 c6 16. a3 Rfe8 17. Rce1 Bd6 18. Bd3 Bg3 19. Re2 Re7 20. Rd2 Rxe3 21. Ng5 h6 22. Nf3 Rae8 23. Rdd1 b6 24. b4 Ra8 25. Rd2 a5 26. Rc1 Bf4 27. Rxc6 Bxf3 28. gxf3 Re1+ 29. Kg2 Bxd2 30. Kg3 axb4 0-1

[Event "POL-ch PL+LU U15 Girls"]
[Site "Augustow"]
[Date "2007.10.09"]
[Round "6.6"]
[White "Ryszkiewicz, Anna"]
[Black "Leonowicz, Monika"]
[Result "1-0"]
[WhiteElo "1713"]
[BlackElo "1400"]
[PlyCount "53"]
[EventDate "2007.10.08"]
[EventType "tourn"]
[EventRounds "9"]
[EventCountry "POL"]
[SourceTitle "EXT 2023"]
[Source "ChessBase"]
[SourceDate "2022.10.05"]
[SourceVersion "1"]
[SourceVersionDate "2022.10.05"]
[SourceQuality "1"]

1. e4 d5 2. exd5 Qxd5 3. Nc3 Qa5 4. d4 Nf6 5. Nf3 Nc6 6. Bd2 Bg4 7. Nb5 Qb6 8. c4 Nxd4 9. Nbxd4 e5 10. Nb3 e4 11. h3 Be6 12. Nfd4 0-0-0 13. Nxe6 Qxe6 14. Qc2 Bd6 15. 0-0-0 Rhe8 16. Be3 Nd7 17. Be2 Qe5 18. Kb1 f5 19. Rd5 Qf6 20. c5 c6 21. Rxd6 Qf7 22. Bg5 Nf6 23. Rxd8+ Rxd8 24. Bxf6 Qxf6 25. Rd1 Re8 26. Qd2 g6 27. Qd7+ 1-0

[Event "POL-ch PL+LU U15 Girls"]
[Site "Augustow"]
[Date "2007.10.09"]
[Round "4.2"]
[White "Sliwinska, Dorota"]
[Black "Leonowicz, Monika"]
[Result "1-0"]
[WhiteElo "1600"]
[BlackElo "1400"]
[PlyCount "103"]
[EventDate "2007.10.08"]
[EventType "tourn"]
[EventRounds "9"]
[EventCountry "POL"]
[SourceTitle "EXT 2023"]
[Source "ChessBase"]
[SourceDate "2022.10.05"]
[SourceVersion "1"]
[SourceVersionDate "2022.10.05"]
[SourceQuality "1"]

1. e4 d5 2. exd5 Qxd5 3. Nc3 Qa5 4. Nf3 Nf6 5. d4 Nc6 6. Be2 Bg4 7. 0-0 0-0-0 8. Be3 e5 9. Ng5 Bxe2 10. Nxe2 exd4 11. Bf4 Rd7 12. Qd3 Nh5 13. Qf3 g6 14. Rfd1 Bh6 15. Bd2 Qf5 16. Qxf5 gxf5 17. Nf3 Bxd2 18. Rxd2 Rhd8 19. Rad1 d3 20. Rxd3 Rxd3 21. cxd3 Nb4 22. Ned4 f4 23. a3 c5 24. axb4 cxd4 25. Ng5 Rd5 26. Nxf7 Nf6 27. Rc1+ Kb8 28. Rc5 b6 29. Rc6 Ng4 30. Nd6 Rxd6 31. Rxd6 Ne5 32. Rxd4 Kc7 33. f3 h5 34. Kf2 h4 35. Ke2 Ng6 36. Kf2 Ne5 37. g3 fxg3+ 38. hxg3 h3 39. Rh4 Nxd3+ 40. Ke3 Nxb2 41. Rxh3 Nc4+ 42. Kf4 a5 43. bxa5 Nxa5 44. g4 b5 45. Rh5 Kb6 46. Rh1 b4 47. g5 b3 48. g6 Nc6 49. g7 Ne7 50. Ke5 b2 51. Ke6 Ng8 52. Rb1 1-0